000 00385nam a2200157Ia 4500
005 20241204235528.0
008 240331s9999 xx 000 0 und d
020 _a955951380X
082 _bDES
_a891
100 _aDe Silva, A.S.
245 0 _aMeena
260 _aColombo
_bThe Associated Newspapers of Ceylon Ltd.
_c1987
300 _a138 p .,
650 _aShort Stories
942 _cL
999 _c3370
_d3370